Školský atlas československých dejín príloha

Bibliographic Details
Corporate Author: Kartografie (Praha, Česko) (Compiler)
Format: Book
Language:Slovak
PhysicalDescription:12 s. 30 cm
Published: Bratislava Slovenská kartografia 1976
Edition:2. slov. vyd.
Subjects:

MARC

LEADER 00000cam a2200000 a 4500
001 vtls010605706
003 SK-MaSNL
005 20260301224725.0
008 180814s1976 xo c 000 0 slo
015 |a SNBA1976 
040 |a SNK  |b slo  |c SNK  |e AACR2 
041 0 |a slo 
044 |a xo  |c SK 
080 |a 943.7(084.4)(075.3)  |2 1981 
245 0 0 |a Školský atlas československých dejín  |b príloha  |c Sprac.: Kartografia, Praha 
250 |a 2. slov. vyd. 
260 |a Bratislava  |b Slovenská kartografia  |c 1976 
300 |a 12 s.  |c 30 cm 
366 |e 23000 výt. 
500 |a Text. príl. s. 1-4 
500 |a Mp. príl. s. 45-52 
650 0 7 |a historické atlasy  |2 SNKPH  |9 70423 
651 7 |a Československo  |x dejiny  |2 SNKPH  |9 161432 
655 7 |a školské atlasy  |2 SNKPH  |9 73240 
710 2 |a Kartografie (Praha, Česko)  |4 com  |9 32623 
958 |a OND 
999 |c 948340  |d 950270 
952 |a SNK  |b SNK  |y PREZ  |7 0  |p 17A0932660  |o snkSB 23657  |i snkKSP 4155/76  |0 0  |1 0  |4 0  |d 2014-06-24  |f 1  |l 0  |r 2025-03-27 00:00:00  |w 2026-02-24